000
00367nam a2200181Ia 4500
100
_a
Srinivasan/M.R
650
_a
Physics
250
_a
2
942
_c
BK
366
_f
25
654
_a
engineers
245
_a
Physics for engineers
260
_b
New Age International Ltd.
_c
2009
082
_a
530
_b
SRI
300
_a
736
546
_a
ENGLISH
999
_c
28621
_d
28621